Campeones de la Liga MX - Estadísticas

Estadísticas generales
  • Esta prueba ha sido intentada 121 veces
  • La puntuación promedio es 18 de 24
Estadísticas de respuestas
Campeón % Correcto
Club América
100%
Monterrey
97%
Club Universidad Nacional
96%
Cruz Azul
96%
Guadalajara
96%
Tigres UANL
95%
León
91%
Pachuca
91%
Toluca
91%
Santos Laguna
88%
Atlas
87%
Tijuana
87%
Puebla
80%
Necaxa
79%
Atlante
76%
Morelia
70%
Veracruz
70%
CD Oro
62%
Real Club España
61%
Tecos
58%
Asturias
47%
Zacatepec
44%
CD Marte
41%
CD Tampico
40%
No se encontraron pruebas coincidentes
Distribución de puntuación
Porcentaje de gente con cada puntuación
Porcentaje por número respondido
Historial de tus puntuaciones
No has intentado esta prueba.